000 01644nam a2200349 a 4500
001
003 DO-SdBNP
005 20210723122547.0
008 090331s2004 dr 000 0 spa d
040 _aBPMSU
_bspa
_cBPMSU
082 _a306.489
_bI42c 2004
_222
245 0 0 _aIndustrias culturales :
_bretos para el desarrollo cultural /
_cCarlos Santos ... [et al.].
260 _aSanto Domingo :
_bFUNGLODE,
_c2004.
300 _avii, 124 p. ;
_c23 cm.
490 0 _aBiblioteca cultural
500 _aIncluye referencias bibliográficas y notas al pie de las páginas
504 _aBibliografia: p.107-124
505 0 _aA manera de prólogo /
_rJosé Rafael Lantigua --
_tNoción de desarrollo y políticas para las industrias culturales dominicanas /
_rCarlos Santos --
_tMedios electrónicos e industria cultural: las cuentas dominicanas /
_rEtzel Báez --
_tCultura, turismo y artesanía /
_rSulamita Puig de González --
_tLos nuevos paradigmas del turismo y su vinculación con lo cultural /
_rBolívar Troncoso --
_tLa cultura suma: políticas culturales y economía de la cultura /
_rCarlos Guzmán Cárdenas.
590 _aInventariado,2021/VM
650 4 _aCultura
_zRepública Dominicana
650 4 _aPolítica cultural
_zRepública Dominicana
650 4 _aArte y Estado
_zRepública Dominicana
650 4 _aIndustria cultural
_zRepública Dominicana
700 1 _aSantos, Carlos
700 1 _aBáez, Etzel
700 1 _aPuig de González, Sulamita
700 1 _aTroncoso, Bolívar
700 1 _aGuzmán Cárdenas, Carlos
710 2 _aFundación Global Democracía y Desarrollo
910 _aVMateo V.
942 _2ddc
_cBK
999 _c13607
_d13607